Physical Quantities and Units (Record no. 180542)
[ view plain ]
| 000 -LEADER | |
|---|---|
| fixed length control field | 01174 a2200169 4500 |
| 003 - CONTROL NUMBER IDENTIFIER | |
| control field | Nust |
| 005 - DATE AND TIME OF LATEST TRANSACTION | |
| control field | 20221128121333.0 |
| 040 ## - CATALOGING SOURCE | |
| Transcribing agency | Nust |
| 082 ## - DEWEY DECIMAL CLASSIFICATION NUMBER | |
| Classification number | 530,ODA |
| 100 ## - MAIN ENTRY--PERSONAL NAME | |
| Personal name | Edward F o'Day |
| 9 (RLIN) | 103671 |
| 245 ## - TITLE STATEMENT | |
| Title | Physical Quantities and Units |
| Remainder of title | A Self -Instructional programmed Manul / |
| Statement of responsibility, etc. | Edward F.o'Day |
| 260 ## - PUBLICATION, DISTRIBUTION, ETC. | |
| Place of publication, distribution, etc. | New Jersey |
| Name of publisher, distributor, etc. | Printice Hall Inc |
| Date of publication, distribution, etc. | 1967 |
| 300 ## - PHYSICAL DESCRIPTION | |
| Extent | 352:p |
| 505 ## - FORMATTED CONTENTS NOTE | |
| Formatted contents note | An introduction to the Physical Quantities (Page-7), Quantitative Essentials (Page-29), Average and Instantaneous (Page-49) Newton’s Second Law, and What to do about it (Page-71), The English Absolute and Metric-Gravitational Systems (Page-89), Comparing the Metric to the fps the Metric Prefixes (Page-109), Length Area and Volume (Page-121), Time, Velocity and Acceleration (Page-135), Mass Force and Weight (Page-143), Density and specific Volume (Page-153), Pressure (Page-169), Temperature (Page-183), Work (Page-215), Energy (Page-233), Heat (Page-249), Power (Page-267), Momentum and Impulse (Page-275), Review and Consolidation I (Page-287), Review and Consolidation II (Page-299), Review and Consolidation III (Page-311). |
| 650 ## - SUBJECT ADDED ENTRY--TOPICAL TERM | |
| Topical term or geographic name entry element | Physics |
| 942 ## - ADDED ENTRY ELEMENTS (KOHA) | |
| Source of classification or shelving scheme | |
| Koha item type | Book |
| Call number prefix | 530,ODA |
| Withdrawn status | Lost status | Source of classification or shelving scheme | Damaged status | Not for loan | Permanent Location | Current Location | Shelving location | Date acquired | Full call number | Barcode | Date last seen | Price effective from | Koha item type | Public note |
|---|---|---|---|---|---|---|---|---|---|---|---|---|---|---|
| Military College of Signals (MCS) | Military College of Signals (MCS) | General Stacks | 12/12/2016 | 530,ODA | MCS6341 | 12/08/2016 | 12/12/2016 | Book | Almirah No.15, Shelf No.4 |
